Financial Institutions Markets and Management
Enregistré dans:
| Auteur principal: | |
|---|---|
| Format: | Livre |
| Langue: | anglais |
| Publié: |
New York
MacGraw-Hill
1980
|
| Édition: | 1. ed. |
| Sujets: | |
| Tags: |
Pas de tags, Soyez le premier à ajouter un tag!
|
MARC
| LEADER | 00000nam a2200000 4500 | ||
|---|---|---|---|
| 001 | c010455 | ||
| 005 | 20221207074557.1 | ||
| 020 | |a 0-07-018995-1 | ||
| 041 | 0 | |a eng | |
| 044 | |a US | ||
| 245 | 1 | 0 | |a Financial Institutions |b Markets and Management |c Robert O. Edmister |
| 250 | |a 1. ed. | ||
| 264 | 1 | |a New York |b MacGraw-Hill |c 1980 | |
| 300 | |a 533 s. | ||
| 610 | 2 | 0 | |a manažment |
| 610 | 2 | 0 | |a marketing |
| 610 | 2 | 0 | |a ústavy finančné |
| 610 | 2 | 0 | |a trh finančný |
| 610 | 2 | 0 | |a banky obchodné |
| 610 | 2 | 0 | |a politika úverová |
| 610 | 2 | 0 | |a kapitál bankový |
| 610 | 2 | 0 | |a trh kapitálový |
| 610 | 2 | 0 | |a likvidita |
| 100 | 1 | |a Edmister, Robert O. | |